000 00416nam a2200157Ia 4500
008 210719s1973 xx 000 0 und d
041 _aeng
082 _a741.954 SWAP
100 _aSWAMY (S N)
245 _aPriyadarshini.
260 _aBangalore.
_bThe Director of Information and Tourism, Government of Mysore.
_c1973
300 _a49
_bHB
365 _b25
_cRs
650 _aThe Arts
906 _aIndira Gandhi
999 _c212528
_d212528